000 00447nam a2200145 4500
999 _c10846
_d10846
008 180924b ||||| |||| 00| 0 eng d
022 _a2094-8042
082 _aDPer 370.105 M72 Jan-Dec 2011 v. 59-60
100 _931553
_aOrtega, Noel S.
245 _aCinquains for peace/
_cNoel S. Ortega.
260 _aPhilippines:
_bIn the Grade School, Inc.,
_cc2011.
300 _av60 n5, page 182;
_c27cm.
650 0 _931554
_aPoetry.
942 _2ddc
_cPER